| 000 | 00598nam a2200229Ia 4500 | ||
|---|---|---|---|
| 008 | 160319s9999 xx 000 0 und d | ||
| 020 | _a971-574-093-6 | ||
| 050 | _aFIL QA 154.3 | ||
| 050 | _b.N63 2005 | ||
| 100 | _aNoda, Rex T. | ||
| 245 | _aCollege algebra / | ||
| 245 | _cRex T. Noda. | ||
| 260 | _aQuezon City: | ||
| 260 | _bKatha Pub. Co., Inc., | ||
| 260 | _c2005 | ||
| 300 | _a668 pages : | ||
| 300 | _billustrations ; | ||
| 300 | _c25 cm. | ||
| 650 | _aAlgebra -- Problems, exercises, etc. | ||
| 650 | _aAlgebra -- Study and teaching. | ||
| 650 | _xAlgebra -- Textbooks. | ||
| 999 |
_c291825 _d291825 |
||